Marvel Quiz - Statystyki

Ogólne statystyki
  • Ten quiz został rozwiązany 1 009 razy
  • Średni wynik to 9 z 14
Statystyki odpowiedzi
Hint Odpowiedź % Poprawnych
Ile jest filmów z serii ,,Avengers'' 4
99%
Ile częsci ma seria filmów o Thorze 4
99%
Ile było kamieni nieskończoności 6
99%
Kto podniósł młot Thora w Avengers Endgame Kapitan Ameryka
90%
Kto zaatakował Nowy York w pierwszej części Avengersów Loki
84%
Jak naprawdę nazywał się Hawkeye Clint
76%
Kto zniszczył młot Thora w filmie ,,Thor Ragnarok' Hela
76%
Jak nazywała się córka Iron mena Morgan
45%
Jak w Wakandzie mówili na Buckiego Biały Wilk
40%
Kto Zabił Iluminati Wanda
37%
Jak nazywało się miejsce w którym zginęła Natasha i Gamora Vormir
34%
Jak nazywała się organizacja w której trenowano młode dziewczyny na zabójców Red Room
28%
Jak nazywa się siostra Czarnej Wdowy Yelena Belova
27%
Jak nazywało się miasteczko które zniewoliła Wanda Westview
20%
Nie znaleziono quizów pasujących do podanych kryteriów
Rozkład punktacji
Procent ludzi z każdym wynikiem
Percentyl według liczby udzielonych odpowiedzi
Twoja historia wyników
Nie rozwiązałeś tego quizu